Diseño vial de las carreteras marginales sobre la Ruta Nacional N°32 - Braulio Carrillo, desde la intersección con la Ruta Nacional N°249 hasta la intersección con la calle local uno

Saved in:
Bibliographic Details
Main Author: Díaz Ulate, Alejandro
Format: Book
Language:Spanish
Published: [San José], Costa Rica 2012
Subjects:
Tags: Add Tag
No Tags, Be the first to tag this record!

MARC

LEADER 00000nam a22000007a 4500
003 010886
005 20221231143923.0
008 151022b2012 cr a|||| |||| 00| ||spa d
040 |c cru CEDI  
090 |a TFG 6708 
100 |9 1698  |a Díaz Ulate, Alejandro  
245 |a  Diseño vial de las carreteras marginales sobre la Ruta Nacional N°32 - Braulio Carrillo, desde la intersección con la Ruta Nacional N°249 hasta la intersección con la calle local uno  
260 |a [San José], Costa Rica  |c  2012 
500 |a Proyecto de graduación (licenciatura en ingeniería civil)--Universidad de Costa Rica. Facultad de Ingeniería. Escuela de Ingeniería Civil 
650 |x CONSTRUCCION DE CARRETERAS - COSTA RICA  |x CAMINOS - INTERCAMBIOS E INTERSECCIONES - COSTA RICA  |x CARRETERAS - TRAZADO - COSTA RICA   |x INGENIERÍA DE CARRETERAS - COSTA RICA  |x CONSTRUCCION DE CARRETERAS - MEDIDAS DE SEGURIDAD - COSTA RICA   |x SEGURIDAD VIAL   |x CARRETERA BRAULIO CARRILLO (COSTA RICA)   |9 1699 
942 |c TFG 
999 |c 14236  |d 14236